000 00682cam a2200145 4500500
005 20251228092856.0
041 _afre
042 _adc
100 1 0 _aDepreux, Philippe
_eauthor
245 0 0 _aEric J. GOLDBERG, Struggle for Empire. Kingship and Conflict under Louis the German, 817–876, Ithaca, Cornell U.P., 2006 ; 1 vol. in-8o, XXI–388 p. (Conjunctions of Religion and Power in Medieval Past). ISBN : 0-8014-3890-X. Prix : USD 47,50 ; GBP 26,95.
260 _c2012.
500 _a4
786 0 _nLe Moyen Age | CXVII | 3 | 2012-04-14 | p. 651u-678u | 0027-2841
856 4 1 _uhttps://shs.cairn.info/revue-le-moyen-age-2011-3-page-651u?lang=fr&redirect-ssocas=7080
999 _c1603807
_d1603807